Dielo v šiestich sväzkoch. (Record no. 21383)
[ view plain ]
| 000 -LEADER | |
|---|---|
| fixed length control field | 00967nam a22002651 4500 |
| 001 - CONTROL NUMBER | |
| control field | 21383 |
| 003 - CONTROL NUMBER IDENTIFIER | |
| control field | CZ PrNK |
| 005 - DATE AND TIME OF LATEST TRANSACTION | |
| control field | 20260228121754.0 |
| 007 - PHYSICAL DESCRIPTION FIXED FIELD--GENERAL INFORMATION | |
| fixed length control field | ta |
| 008 - FIXED-LENGTH DATA ELEMENTS--GENERAL INFORMATION | |
| fixed length control field | 011115s1953 xo acfh 000 | slo |
| 020 ## - INTERNATIONAL STANDARD BOOK NUMBER | |
| Qualifying information | (Váz.) |
| 040 ## - CATALOGING SOURCE | |
| Original cataloging agency | ABA001 |
| Language of cataloging | cze |
| Transcribing agency | ABA001 |
| Modifying agency | ABA001 |
| 100 1# - MAIN ENTRY--PERSONAL NAME | |
| Personal name | Tajovský, Jozef Gregor, |
| Dates associated with a name | 1874-1940 |
| Relationship | aut |
| 245 10 - TITLE STATEMENT | |
| Title | Dielo v šiestich sväzkoch. |
| Number of part/section of a work | 1. sväzok / |
| Statement of responsibility, etc. | Jozef Gregor-Tajovský ; [edičně pripravil a poznámkami doplnil Karol Rosenbaum ; vysvetlivky vypracoval Ján V. Ormis] |
| 250 ## - EDITION STATEMENT | |
| Edition statement | 1. vyd. |
| 260 ## - PUBLICATION, DISTRIBUTION, ETC. | |
| Place of publication, distribution, etc. | Bratislava : |
| Name of publisher, distributor, etc. | Slovenské vydavateľstvo krásnej literatúry, |
| Date of publication, distribution, etc. | 1953 |
| 300 ## - PHYSICAL DESCRIPTION | |
| Extent | 377 s., [8] l. obr. příl. : |
| Other physical details | il., portréty, faksim. ; |
| Dimensions | 21 cm |
| 490 1# - SERIES STATEMENT | |
| Series statement | Naši klasici |
| 505 00 - FORMATTED CONTENTS NOTE | |
| Title | Do konca -- |
| -- | Besednice -- |
| -- | Smutné nôty |
| 700 1# - ADDED ENTRY--PERSONAL NAME | |
| Personal name | Rosenbaum, Karol, |
| Dates associated with a name | 1920-2001 |
| Relationship | com |
| 700 1# - ADDED ENTRY--PERSONAL NAME | |
| Personal name | Ormis, Ján Vladimír, |
| Dates associated with a name | 1903-1993 |
| Relationship | cwt |
| 830 #0 - SERIES ADDED ENTRY--UNIFORM TITLE | |
| Uniform title | Naši klasici (SVKL) |
| 910 ## - USER-OPTION DATA (OCLC) | |
| User-option data | ABA001 |
| 942 ## - ADDED ENTRY ELEMENTS (KOHA) | |
| Source of classification or shelving scheme | Dewey Decimal Classification |
| Koha item type | Krásna literatúra pre dospelých |
| Suppress in OPAC | No |
| Stav vyradenia | Strata | Poškodenie | Spôsob nadobudnutia | Domovská knižnica | Aktuálna knižnica | Dátum nadobudnutia | Total checkouts | Čiarový kód exemplára | Date last seen | Typ exemplára | Verejná poznámka |
|---|---|---|---|---|---|---|---|---|---|---|---|
| Dar | Obecná knižnica Horná Štubňa | Obecná knižnica Horná Štubňa | 28.02.2026 | 4736201564 | 28.02.2026 | Krásna literatúra pre dospelých | dielo III. |
